000
00323nam a2200145Ia 4500
100
_a
Bakir/Qurashi
942
_c
BK
654
_a
international
245
_a
International Conference on Personnal wire
260
_b
IEEE
_a
New Delhi
_c
1997
082
_a
384.5
_b
BAK
300
_a
540
546
_a
ENGLISH
999
_c
27143
_d
27143